Đánh giá hiện trạng canh tác ớt và thành phần hóa học đất trồng ớt tại vùng đê bao triệt để xã Kiến An, huyện Chợ Mới, tỉnh An Giang : Luận văn tốt nghiệp Cao học chuyên. Chuyên ngành Sinh thái học

Nội dung luận văn nhằm khai thác, sử dụng đất hiệu quả, bền vững và góp phần bảo vệ môi trường. Đề tài cung cấp số liệu về hiện trạng và thành phần hoá học của đất trồng ớt, thông qua đó cũng góp phần bảo vệ môi trường....

Cijeli opis

Spremljeno u:
Bibliografski detalji
Glavni autor: Trần, Thị Kim Son
Format: Knjiga
Jezik:Undetermined
Izdano: Cần Thơ Trường Đại học Cần Thơ 2016
Teme:
Oznake: Dodaj oznaku
Bez oznaka, Budi prvi tko označuje ovaj zapis!
Thư viện lưu trữ: Trung tâm Học liệu Trường Đại học Cần Thơ
LEADER 01297nam a2200217Ia 4500
001 CTU_211023
008 210402s9999 xx 000 0 und d
082 |a 633.84 
082 |b S429 
088 |a 60420120 
100 |a Trần, Thị Kim Son 
245 0 |a Đánh giá hiện trạng canh tác ớt và thành phần hóa học đất trồng ớt tại vùng đê bao triệt để xã Kiến An, huyện Chợ Mới, tỉnh An Giang : 
245 0 |b Luận văn tốt nghiệp Cao học chuyên. Chuyên ngành Sinh thái học 
245 0 |c Trần Thị Kim Son ; Trương Thị Nga (Cán bộ hướng dẫn) 
260 |a Cần Thơ 
260 |b Trường Đại học Cần Thơ 
260 |c 2016 
520 |a Nội dung luận văn nhằm khai thác, sử dụng đất hiệu quả, bền vững và góp phần bảo vệ môi trường. Đề tài cung cấp số liệu về hiện trạng và thành phần hoá học của đất trồng ớt, thông qua đó cũng góp phần bảo vệ môi trường. 
650 |a Cây ớt,Red pepper 
904 |i Lê Văn Kỳ, Tuyến 
980 |a Trung tâm Học liệu Trường Đại học Cần Thơ